| 000 | 00607nam a2200229Ia 4500 | ||
|---|---|---|---|
| 003 | OSt | ||
| 005 | 20220928102902.0 | ||
| 006 | a|||||r|||| 00| 0 | ||
| 007 | ta | ||
| 008 | 220927b |||||||| |||| 00| 0 eng d | ||
| 024 | _a41564 | ||
| 037 | _cTextual | ||
| 040 |
_aSDCL _cSDCL _beng |
||
| 041 |
_2eng _aeng |
||
| 082 | _aX64.2'N8, M3 | ||
| 100 |
_aVyas Jay Narayan _9401086 |
||
| 245 | 0 | _aFinancing an industrial unit. | |
| 260 |
_aAhmedabad _bN K Vyas Family Trust _c1983 |
||
| 300 |
_a188p _ccm. |
||
| 942 |
_hX64.2'N8, M3 _cTEXL _2CC |
||
| 999 |
_c716956 _d716956 |
||